[Event "Bergamo Province-ch"]
[Site "Bergamo"]
[Date "2005.10.14"]
[Round "2"]
[White "Marcelloni, Dario"]
[Black "Safira, Ana Maria"]
[Result "1-0"]
[WhiteElo "1580"]
[BlackElo "1764"]
[PlyCount "55"]
[EventDate "2005.10.07"]
[EventType "swiss"]
[EventRounds "8"]
[EventCountry "ITA"]
[SourceTitle "EXT 2023"]
[Source "ChessBase"]
[SourceDate "2022.10.05"]
[SourceVersion "1"]
[SourceVersionDate "2022.10.05"]
[SourceQuality "1"]

1. Nf3 c6 2. d4 d5 3. e3 Bf5 4. c4 Nf6 5. Nc3 e6 6. cxd5 exd5 7. Bd3 Bxd3 8. Qxd3 Nbd7 9. 0-0 Be7 10. b3 c5 11. dxc5 Nxc5 12. Qb5+ Qd7 13. Qxd7+ Ncxd7 14. Bb2 0-0 15. Rfd1 Nb6 16. Rac1 Rac8 17. Ne5 Rfe8 18. Nb5 a6 19. Nd4 Rxc1 20. Rxc1 Rc8 21. Rxc8+ Nxc8 22. Nf5 Bf8 23. Nd3 Nd6 24. Nh6+ gxh6 25. Bxf6 b5 26. Nf4 Ne4 27. Be5 b4 28. Nxd5 1-0

[Event "Bergamo Province-ch"]
[Site "Bergamo"]
[Date "2005.10.07"]
[Round "1"]
[White "Nasoni, Paolo"]
[Black "Marcelloni, Dario"]
[Result "1-0"]
[WhiteElo "1865"]
[BlackElo "1580"]
[PlyCount "28"]
[EventDate "2005.10.07"]
[EventType "swiss"]
[EventRounds "8"]
[EventCountry "ITA"]
[SourceTitle "EXT 2023"]
[Source "ChessBase"]
[SourceDate "2022.10.05"]
[SourceVersion "1"]
[SourceVersionDate "2022.10.05"]
[SourceQuality "1"]

1. e4 e6 2. d4 d5 3. Nc3 dxe4 4. Nxe4 Nd7 5. Bb5 c6 6. Bd3 Ngf6 7. Nxf6+ Nxf6 8. Nf3 h6 9. Ne5 Bd6 10. Bf4 0-0 11. Qd2 Ne8 12. Be3 Bxe5 13. dxe5 Qe7 14. Qc3 Nc7 1-0